<?xml version="1.0" encoding="UTF-8"?>
<collection xmlns="http://www.loc.gov/MARC21/slim">
 <record>
  <leader>00521nam a22001575a 4500</leader>
  <controlfield tag="001">EUN.um033976</controlfield>
  <controlfield tag="003">AR-BaUNS</controlfield>
  <controlfield tag="005">20050623122907.0</controlfield>
  <controlfield tag="008">041125s1946####sp#a##########000#0#spa#d</controlfield>
  <datafield tag="245" ind1="1" ind2="0">
   <subfield code="a">Elementos de electricidad industrial /</subfield>
   <subfield code="c">P. Roberjot.</subfield>
  </datafield>
  <datafield tag="260" ind1=" " ind2=" ">
   <subfield code="a">Barcelona :</subfield>
   <subfield code="b">Gili,</subfield>
   <subfield code="c">1946.</subfield>
  </datafield>
  <datafield tag="300" ind1=" " ind2=" ">
   <subfield code="a">5 v. :</subfield>
   <subfield code="b">ilus. ;</subfield>
   <subfield code="c">17 cm.</subfield>
  </datafield>
  <datafield tag="100" ind1="1" ind2=" ">
   <subfield code="a">Roberjot, P.</subfield>
  </datafield>
  <datafield tag="082" ind1="0" ind2="4">
   <subfield code="a">621.3</subfield>
  </datafield>
  <datafield tag="859" ind1=" " ind2=" ">
   <subfield code="a">Ar-BaUNS</subfield>
   <subfield code="b">BIB. CENTRAL - Sector A</subfield>
   <subfield code="h">621.3</subfield>
   <subfield code="i">R541</subfield>
   <subfield code="p">106733/997</subfield>
   <subfield code="v">v.2</subfield>
  </datafield>
  <datafield tag="859" ind1=" " ind2=" ">
   <subfield code="a">Ar-BaUNS</subfield>
   <subfield code="b">BIB. CENTRAL - Sector A</subfield>
   <subfield code="h">621.3</subfield>
   <subfield code="i">R541</subfield>
   <subfield code="p">78638/977</subfield>
   <subfield code="t">Ej.2</subfield>
   <subfield code="v">v.2</subfield>
  </datafield>
 </record>
</collection>
